000 00418nam a22001697a 4500
003 OSt
008 240427b |||||||| |||| 00| 0 eng d
020 _a9789353502898
082 _a005.133 LAF
100 _aLAMBERT, Kenneth A.
245 _aFundamentals of Python : First Programs with MindTap
250 _a2nd. ed.
260 _aDelhi,
_bCengage,
_c2022
300 _a476 p.
650 _aCSE
942 _2ddc
_cBK
999 _c12566
_d12566